15 Least Populated U.S. States - Statistics

General Stats
  • This quiz has been taken 20 times
  • The average score is 14 of 16
Answer Stats
Population Answer % Correct
1,112,668 Montana
100%
1,110,822 Rhode Island
100%
581,075 Wyoming
100%
740,339 Alaska
94%
1,017,551 Delaware
94%
1,920,562 Idaho
94%
1,372,559 Maine
94%
1,395,847 New Hampshire
94%
811,044 North Dakota
94%
908,414 South Dakota
94%
648,279 Vermont
94%
1,483,762 Hawaii
88%
2,002,052 Nebraska
88%
2,135,024 New Mexico
82%
1,775,932 West Virginia
65%
2,959,473 Mississippi
53%
No matching quizzes found
Score Distribution
Percent of People with Each Score
Percentile by Number Answered
Your Score History
You have not taken this quiz